Effect of marine fish on the growth of crocodylus siamensis in sihanouk ville ;ឥទ្ធិពលត្រីសមុទ្រទៅលើកំរិតលូតលាស់របស់ក្រពើត្រី នៅក្រុងព្រះសីហនុ, (Record no. 3875)
[ view plain ]
| 000 -LEADER | |
|---|---|
| fixed length control field | 00651nam a22001577a 4500 |
| 003 - CONTROL NUMBER IDENTIFIER | |
| control field | OSt |
| 005 - DATE AND TIME OF LATEST TRANSACTION | |
| control field | 20151202153435.0 |
| 008 - FIXED-LENGTH DATA ELEMENTS--GENERAL INFORMATION | |
| fixed length control field | 151202b xxu||||| |||| 00| 0 eng d |
| 040 ## - CATALOGING SOURCE | |
| Transcribing agency | RUA |
| 082 ## - DEWEY DECIMAL CLASSIFICATION NUMBER | |
| Classification number | FIS HOC 2003 B175 Or.1 |
| 100 ## - MAIN ENTRY--PERSONAL NAME | |
| 9 (RLIN) | 4161 |
| Personal name | HOC LAIM; ហុក ឡាំ |
| 245 ## - TITLE STATEMENT | |
| Title | Effect of marine fish on the growth of crocodylus siamensis in sihanouk ville ;ឥទ្ធិពលត្រីសមុទ្រទៅលើកំរិតលូតលាស់របស់ក្រពើត្រី នៅក្រុងព្រះសីហនុ, |
| 260 ## - PUBLICATION, DISTRIBUTION, ETC. (IMPRINT) | |
| Place of publication, distribution, etc. | Phnom Penh |
| Name of publisher, distributor, etc. | RUA |
| Date of publication, distribution, etc. | 2003 |
| 300 ## - PHYSICAL DESCRIPTION | |
| Extent | viii; 44p. |
| Other physical details | ill. |
| Dimensions | 29cm |
| 942 ## - ADDED ENTRY ELEMENTS (KOHA) | |
| Source of classification or shelving scheme | |
| Koha item type | FIS |
| Price effective from | Date last seen | Permanent Location | Not for loan | Date acquired | Source of classification or shelving scheme | Koha item type | Barcode | Lost status | Damaged status | Shelving location | Withdrawn status | Current Location | Full call number |
|---|---|---|---|---|---|---|---|---|---|---|---|---|---|
| 2015-12-02 | 2015-12-02 | Library Block B | 2015-12-02 | FIS | RUA010161 | B175 | Library Block B | FIS HOC 2003 B175 Or.1 | |||||
| 2015-12-02 | 2015-12-02 | Library Block B | 2015-12-02 | FIS | RUA010515 | B175 | Library Block B | FIS HOC 2003 B175 Or.2 | |||||
| 2015-12-02 | 2015-12-02 | Library Block B | 2015-12-02 | FIS | RUA010443 | B175 | Library Block B | FIS HOC 2003 B175 Or.3 | |||||
| 2015-12-02 | 2015-12-02 | Library Block B | 2015-12-02 | FIS | RUA010358 | B175 | Library Block B | FIS HOC 2003 B175 Or.4 | |||||
| 2016-07-10 | 2016-07-10 | Library Block B | 2016-07-10 | FIS | RUA057456 | Library Block B | FIS HOC 2003 B175 Or.5 | ||||||
| 2019-08-12 | 2019-08-12 | Library Block B | 2019-08-12 | FIS | A37770 | B1.258 | Library Block B | FIS HOC 2003 B1.262 Or.1 | |||||
| 2019-08-13 | 2019-08-13 | Library Block B | 2019-08-13 | FIS | A37575 | B1.262 | Library Block B | FIS HOC 2003 B1.262 Or.1 | |||||
| 2019-08-27 | 2019-08-27 | Library Block B | 2019-08-27 | FIS | A37288 | B1.266 | Library Block B | FIS HOC 2003 B1.266 Or.1 | |||||
| 2019-08-27 | 2019-08-27 | Library Block B | 2019-08-27 | FIS | A36152 | B1.266 | Library Block B | FIS HOC 2003 B1.266 Or.2 | |||||
| 2019-08-27 | 2019-08-27 | Library Block B | 2019-08-27 | FIS | A37346 | B1.266 | Library Block B | FIS HOC 2003 B1.266 Or.3 | |||||
| 2019-08-28 | 2019-08-28 | Library Block B | 2019-08-28 | FIS | A37393 | B1.270 | Library Block B | FIS HOC 2003 B1.270 Or.1 |